<?xml version="1.0" encoding="UTF-8"?><?xml-stylesheet type="text/xsl" href="static/style.xsl"?><OAI-PMH xmlns="http://www.openarchives.org/OAI/2.0/" xmlns:xsi="http://www.w3.org/2001/XMLSchema-instance" xsi:schemaLocation="http://www.openarchives.org/OAI/2.0/ http://www.openarchives.org/OAI/2.0/OAI-PMH.xsd"><responseDate>2026-06-02T18:52:28Z</responseDate><request verb="GetRecord" identifier="oai:riuma.uma.es:10630/17846" metadataPrefix="marc">https://riuma.uma.es/rest/oai/request</request><GetRecord><record><header><identifier>oai:riuma.uma.es:10630/17846</identifier><datestamp>2026-02-03T12:13:46Z</datestamp><setSpec>com_10630_2254</setSpec><setSpec>col_10630_37959</setSpec></header><metadata><record xmlns="http://www.loc.gov/MARC21/slim" xmlns:dcterms="http://purl.org/dc/terms/" xmlns:doc="http://www.lyncode.com/xoai" xmlns:xsi="http://www.w3.org/2001/XMLSchema-instance" xsi:schemaLocation="http://www.loc.gov/MARC21/slim http://www.loc.gov/standards/marcxml/schema/MARC21slim.xsd">
   <leader>00925njm 22002777a 4500</leader>
   <datafield ind2=" " ind1=" " tag="042">
      <subfield code="a">dc</subfield>
   </datafield>
   <datafield ind2=" " ind1=" " tag="720">
      <subfield code="a">Esteban, Mate</subfield>
      <subfield code="e">author</subfield>
   </datafield>
   <datafield ind2=" " ind1=" " tag="260">
      <subfield code="c">2019-06-19</subfield>
   </datafield>
   <datafield ind2=" " ind1=" " tag="520">
      <subfield code="a">La obra literaria de María Zambrano es  la de un pensar  que se quiere hacer cargo de la dimensión perdida, desechada por la razón y cultura de la Modernidad: el abandono del ser que se hace presente en su razón poética.&#xd;
Su obra literaria no puede desligarse de esa relación cultural.&#xd;
&#xd;
Esta singularidad de invención literaria y de pensamiento en Zambrano se manifiesta en su propia experiencia de exilio. El exilio posee un secreto: la de una razón cargada de memoria. Desde ahí se abre un nuevo horizonte vital y cultural que formula como: "el exilio como  patria". El de una poética de la memoria.&#xd;
&#xd;
¿Qué plantea ese nueva centralidad de la memoria a la cultura y pensar de la Modernidad? La tarea de un itinerario cultural, ético y político que tenga en cuenta el significado de lo que ha quedado fuera de la Modernidad en toda construcción de humanización.&#xd;
En ese marco se puede situar el itinerario cultural de la investigación en las ciencias humanas y en los proyectos de transmisión editorial que nos afecta a los que estamos aquí en el seminario.</subfield>
   </datafield>
   <datafield ind1="8" ind2=" " tag="024">
      <subfield code="a">https://hdl.handle.net/10630/17846</subfield>
   </datafield>
   <datafield tag="653" ind2=" " ind1=" ">
      <subfield code="a">Teoría literaria</subfield>
   </datafield>
   <datafield ind2="0" ind1="0" tag="245">
      <subfield code="a">Literatura y cultura: el texto literario como texto cultural. Teoría literaria y memoria cultural. Significado cultural de la transmisión editorial.</subfield>
   </datafield>
</record>
</metadata></record></GetRecord></OAI-PMH>